WNBA Basketball Team Logos - Statistics

General Stats
  • This quiz has been taken 301 times
  • The average score is 11 of 13
Answer Stats
Picture Answer % Correct
New York Liberty
95%
Dallas Wings
90%
Indiana Fever
90%
Las Vegas Aces
90%
Minnesota Lynx
90%
Chicago Sky
88%
Connecticut Sun
88%
Los Angeles Sparks
82%
Atlanta Dream
79%
Phoenix Mercury
79%
Seattle Storm
79%
Washington Mystics
76%
Golden State Valkyries
75%
No matching quizzes found
Score Distribution
Percent of People with Each Score
Percentile by Number Answered
Your Score History
You have not taken this quiz